000 01188nam2a2200265 4500
001 RU\NLR\bibl\2031804
005 20250616223749.0
010 _a978-5-86465-567-2
_9300
021 _aRU
_b2013-28948
_91993
035 _a(NLR Aleph) 002069647
090 _a4741886
_c4741886
100 _a20131026d2012 |||y0rusy50 ca
101 0 _arus
102 _aRU
105 _aa |||||||||
200 0 _aЧ. 1
210 _d2012
_aБ. м.
215 _a331 с.
_cил.
320 _aБиблиогр. в конце докл.
461 0 _1001RU\NLR\bibl\2083925
_12001#$aЭкономика и управление: современное положение$vЧ. 1
_94786081
_cСамара
_d2012
_fпод общ. ред. А.Н. Сорочайкина]
_nСамарский университет
_oIV междунаролная молодежная научная конференция, (Самара, 22-23 ноября 2012 г.) : материалы и доклады : [в 2 ч.
_tЭкономика и управление: современное положение
_vЧ. 1
801 0 _aRU
_bNLR
_c20130513
_gRCR
801 1 _aRU
_bNLR
_c20130513
942 _cBOOK
980 _aNB